| 000 | 01018 a2200241 4500 | ||
|---|---|---|---|
| 999 |
_c7162 _d7162 |
||
| 020 | _a184064186X (2 volume set) | ||
| 050 | 0 | 0 | _aHD7105.4 FOU 2000 |
| 100 |
_aBodie, Zvie _eeditor |
||
| 245 | 0 | 4 |
_aThe foundations of pension finance / _cedited by Zvi Bodie and E. Philip Davis. |
| 264 |
_aNorthampton: _bEdward Elgar publishing _c2000 |
||
| 300 |
_a581p : _bill. ; |
||
| 440 | 3 | _aAn Elgar reference collection | |
| 500 | _aIncludes bibliographical references and indexes. | ||
| 504 | _aIncludes bibliographical references and indexes. | ||
| 650 | 0 | _aPension trusts. | |
| 650 | 0 | _aOld age pensions. | |
| 650 | 0 |
_aPension trusts _xFinance. |
|
| 650 | 0 |
_aPension trusts _xInvestments. |
|
| 700 | 1 | _aBodie, Zvi. | |
| 700 | 1 |
_aDavis, E. P. _q(E. Philip), _d1957- |
|
| 942 |
_2lcc _cBK _h7105.4 _iFOU _kBOD |
||